|
|
|
|
| LEADER |
00000nam0a2200000 4500 |
| 001 |
240822 |
| 005 |
20231101231753.0 |
| 010 |
|
|
|a 9785903034826
|
| 035 |
|
|
|a (RuTPU)RU\TPU\book\262081
|
| 035 |
|
|
|a RU\TPU\book\185537
|
| 090 |
|
|
|a 240822
|
| 100 |
|
|
|a 20130625d2012 m y0rusy50 ca
|
| 101 |
0 |
|
|a rus
|
| 102 |
|
|
|a RU
|
| 105 |
|
|
|a a j 001zy
|
| 200 |
1 |
|
|a Введение в языкознание
|e учебник
|f В. И. Кодухов
|
| 205 |
|
|
|a 2-е изд., перераб. и доп.
|
| 210 |
|
|
|a Москва
|c Альянс
|d 2012
|
| 215 |
|
|
|a 286 с.
|c ил.
|
| 320 |
|
|
|a Библиогр. в конце гл.
|
| 320 |
|
|
|a Предм. указ.: с. 276-282.
|
| 330 |
|
|
|a Учебник по введению в языкознание раскрывает все темы новой программы по этому курсу. Книга состоит из четырех частей, в которых последовательно рассказывается о языкознании как науке, общественной природе языка и закономерностях его исторического развития, языковой системе, классификации языков. Во второе издание внесены изменения и сокращения во все разделы учебника, усилено внимание к материалам по русскому языку.
|
| 606 |
1 |
|
|a Языкознание
|x Учебные руководства и пособия
|2 stltpush
|3 (RuTPU)RU\TPU\subj\21809
|9 46744
|
| 610 |
1 |
|
|a происхождение
|
| 610 |
1 |
|
|a языки
|
| 610 |
1 |
|
|a диалекты
|
| 610 |
1 |
|
|a литературный язык
|
| 610 |
1 |
|
|a языковые системы
|
| 610 |
1 |
|
|a фонетика
|
| 610 |
1 |
|
|a фонология
|
| 610 |
1 |
|
|a письмо
|
| 610 |
1 |
|
|a алфавиты
|
| 610 |
1 |
|
|a лексикология
|
| 610 |
1 |
|
|a лексикография
|
| 610 |
1 |
|
|a словообразование
|
| 610 |
1 |
|
|a морфология
|
| 610 |
1 |
|
|a синтаксис
|
| 610 |
1 |
|
|a классификации
|
| 610 |
1 |
|
|a генеалогическая классификация
|
| 610 |
1 |
|
|a типология
|
| 686 |
|
|
|a Ш10я7
|v LBC/SL-A
|2 rubbk
|
| 700 |
|
1 |
|a Кодухов
|b В. И.
|g Виталий Иванович
|
| 801 |
|
1 |
|a RU
|b 63413507
|c 20091201
|
| 801 |
|
2 |
|a RU
|b 63413507
|c 20150417
|g RCR
|
| 942 |
|
|
|c BK
|
| 959 |
|
|
|a 118/20091201
|d 1
|e 365,00
|f ЧЗИЛ:1
|
| 959 |
|
|
|a 58/20100903
|d 5
|e 365,00
|f УФ:5
|
| 959 |
|
|
|a 86/20130422
|d 5
|e 380,00
|f АНЛ:1
|f УФ:4
|